Rozvoj integrovaných meničov napätia pre systémy na konverziu energie : dátum obhajoby 25.8.2023
Saved in:
| Main Author: | |
|---|---|
| Other Authors: | |
| Format: | Manuscript Book |
| Language: | Slovak |
| Published: |
Bratislava :
STU v Bratislave FEI,
2023
|
| Subjects: | |
| Online Access: | https://opac.crzp.sk/?fn=detailBiblioFormChildMR1E7&sid=4B1C4D75B6D4960DF5A201FA792C&seo=CRZP-detail-kniha |
| Tags: |
No Tags, Be the first to tag this record!
|
MARC
| LEADER | 00000ntm a22000003a 4500 | ||
|---|---|---|---|
| 001 | stuzp81988 | ||
| 003 | SK-STU | ||
| 005 | 20231106142431.3 | ||
| 007 | ta | ||
| 008 | 150427s2015----xo-----f-mn---000-0-slo-d | ||
| 040 | |a STU |b slo | ||
| 041 | 0 | |a slo | |
| 044 | |a xo | ||
| 100 | 1 | |a Ondica, Róbert |u 033000 |k Z2 |4 aut |U FEI Fakulta elektrotechniky a informatiky |T FEI Ústav elektroniky a fotoniky |X 80599 |U E030 |Y 549 |7 80599 | |
| 242 | 0 | 1 | |a Development of on-chip voltage converters for energy harvesters |y eng |
| 245 | 1 | 0 | |a Rozvoj integrovaných meničov napätia pre systémy na konverziu energie : |b dátum obhajoby 25.8.2023 |
| 260 | |a Bratislava : |b STU v Bratislave FEI, |c 2023 | ||
| 300 | |a 142 s., |b Autoref. 2023, 66 s. | ||
| 500 | |a Len v elektronickej podobe | ||
| 650 | 4 | |a Integrovaný menič napätia |2 slo | |
| 650 | 4 | |a Menič energie |2 slo | |
| 650 | 4 | |a Zberač energie |2 slo | |
| 650 | 4 | |a Integrovaná cievka |2 slo | |
| 650 | 4 | |a Integrated voltage converter |2 eng | |
| 650 | 4 | |a Energy converter |2 eng | |
| 650 | 4 | |a Energy harvester |2 eng | |
| 650 | 4 | |a Integrated inductor |2 eng | |
| 700 | 1 | |a Stopjaková, Viera |u 033000 |k Z1 |4 ths |U FEI Fakulta elektrotechniky a informatiky |T FEI Ústav elektroniky a fotoniky |X 1939 |U E030 |Y 549 |7 A000001939 | |
| 856 | 4 | |u https://opac.crzp.sk/?fn=detailBiblioFormChildMR1E7&sid=4B1C4D75B6D4960DF5A201FA792C&seo=CRZP-detail-kniha | |